| 000 | 00655nam a2200229 a 4500 | ||
|---|---|---|---|
| 001 | 000013729 | ||
| 005 | 20200929163327.0 | ||
| 008 | 091128s1993 ve 001 f spa d | ||
| 020 | _a9802391403 | ||
| 040 |
_aDO-SdBNP _bspa _cBNPHU |
||
| 082 |
_aV863.44 _bL459s, 1993 |
||
| 100 | 1 |
_aLechín, Fuad, _d1928- _931169 |
|
| 245 | 1 | 3 |
_aEl segundo viaje de noé / _cFuad Lechín. |
| 250 | _a2a ed. | ||
| 260 |
_aVenezuela : _bGrijalbo, _c1993. |
||
| 300 |
_a142, [1] p. ; _c20 cm. |
||
| 490 | 1 | _aHora y deshora | |
| 650 | 4 |
_aNovela venezolana _93962 |
|
| 650 | 4 |
_aLitaratura venezolana _ySIGLO XX _931170 |
|
| 830 | 0 |
_aHora y deshora _931171 |
|
| 049 | _aBNGR | ||
| 999 |
_c13342 _d13342 |
||